| 000 | 02858 a2200265 4500 | ||
|---|---|---|---|
| 001 | 2162214035926770 | ||
| 003 | UA-OsUOA | ||
| 005 | 20260429154056.0 | ||
| 008 | 260429b un ao||| |||| 00| 0 ukr d | ||
| 020 | _a9660235771 | ||
| 040 |
_aUA-OsUOA _bukr _cUA-OsUOA _dUA-OsUOA |
||
| 041 | _aukr | ||
| 080 | _a091.5:027.54(477-25) | ||
| 090 |
_a091.5:027.54(477-25) _bШ19 |
||
| 100 |
_aШамрай М. _925134 |
||
| 110 |
_aНаціональна Академія наук України _bІнститут української археографії та джерелознавства імені М. С. Грушевського _bНаціональна бібліотека України імені В. І. Вернадського _925135 |
||
| 245 |
_aМаргіналії в стародруках кириличного шрифту 15-17 ст. з фонду Національної бібліотеки України імені В. І. Вернадського _cМаргарита Шамрай |
||
| 260 |
_aКиїв _bНаціональна бібліотека України імені В. І. Вернадського _c2005 |
||
| 300 | _a332 с. | ||
| 520 | _aПропонована праця є публікацією маргіналій (записи на берегах книг) у стародрукованих виданнях 15-17 ст., що насичені різноманітними відомостями. Найчастіше вони створбвалися у зв'язку із купівлею книг, пердачею її до церкви на поминання душі або за відпущення гріхів. Покрайні записи на примірниках є основним джерелом пізнання шляхів розповсюдження книги і книги її спийняття різними верствами населення. В той же час читацькі записи - цінне історичне джерело, особливо в галузі історії культури. До видання подано грунтовний науково-довідковий апарат, що складається з іменного, географічного, хронологічного та предметно-систематичного покажчиків, а також покажчика цін на книжкову продукцію. Для істориків, філологів, книгознавців, усіх, хьто цікавиться історією та культурою України. | ||
| 650 |
_a09 Рукописи. Раритети і рідкісні книги _91449 |
||
| 942 |
_cBK _2udc |
||
| 955 | _a1 | ||
| 999 |
_c580618 _d580618 |
||